• 首页
  • 本馆介绍
  • 公告通知
  • 最新文献
  • 馆藏检索
  • 电子资源
  • 读者导购
  • 参考咨询
  • 我的图书馆
  • 登录
  • 详细信息显示
  • 放入我的书架
  • 预约/预借图书
  • 作者相关作品
  • 分类相关作品
  • 丛书相关作品
  • 出版社相关作品

书目信息

  • 表格格式
  • 工作单格式
  • 卡片格式
题名:
西洋百首名曲详解
    
 
作者: ;人民音乐出版社 编
分册:  
出版信息: 北京   人民音乐出版社  1985.12
页数: 718页
开本: 20cm
丛书名:
单 册:
中图分类: J651
科图分类:
主题词: 外国音乐--作品 , 音乐--各国--作品
电子资源:
ISBN:
000 00596nam0 2200205 45
001 0312221749
005 20040510112404.8
010    @dCNY5.45
100    @a20031222d1985 km y0chiy0120 ea
101    @achi
105    @a z 000yy
200 1  @a西洋百首名曲详解@AXi Yang Bai Shou Ming Qu Xiang Jie@f人民音乐出版社编@FRen Min Yin Yue Chu Ban She Bian
210    @a北京@c人民音乐出版社@d1985.12
215    @a718页@d20cm
606 0  @a外国音乐@x作品
606 0  @a音乐@y各国@x作品
690    @aJ651@v3
711 02 @a人民音乐出版社@4编
801    @aCN@bTSTCL@c20031222
905    @dJ651@e106@f1@b151835
    
    西洋百首名曲详解/人民音乐出版社编.-北京:人民音乐出版社,1985.12
    718页;20cm
    
    
    ISBN :CNY5.45
    
●
相关链接 在E读中查询图书 在五车中查询图书 在当当中查询图书 在豆瓣中查询图书


正题名:西洋百首名曲详解     索取号:J651/106         预约/预借

序号 登录号 条形码 馆藏地/架位号 状态 备注
1 0151835   001225588   第一借阅区/ [索取号:J651/106] 在馆    
2 1432317   214323178   密集书库2/ [索取号:J651/106] 在馆    
唐山师范学院图书馆 欢迎您!
大连网信软件有限公司© 版权所有